| 000 | 00756nam a22002411a 4500 | ||
|---|---|---|---|
| 001 | 1742676 | ||
| 005 | 20110718134013.0 | ||
| 008 | 780620t19731972ke a 000 0 swa | ||
| 010 | _a74983099 | ||
| 020 | _a0582622085 | ||
| 035 | _9(DLC) 74983099 | ||
| 040 |
_aDLC _cMB _dDLC |
||
| 050 | 0 | 0 |
_aPL 8704.S3H33 1972 _bPL 8704.S3H33 1972 |
| 100 | 1 | _aSaidi, M. | |
| 245 | 1 | 0 |
_aHadithi za kale _h[Text] |
| 260 |
_aNairobi _bLongman _c c1972 |
||
| 300 | _a29 p. illus. 19 | ||
| 505 | 0 | _aRadhi ya baba hairudi.--Mfalme Choyo na Mfalme Amani.--Wema hauozi.--Akili ni mali. | |
| 600 | _aSwahili Language - Texts | ||
| 906 |
_a7 _bcbc _corignew _du _encip _f19 _gy-gencatlg |
||
| 985 |
_aINF/INF _eCOMARC |
||
| 991 |
_bc-GenColl _hPL8704.S3 _iH3 1973 _tCopy 1 _wBOOKS |
||
| 999 |
_c43324 _d43300 |
||